000 00320nam a2200133Ia 4500
008 210210b1988 xxu||||| |||| 00| 0 eng d
082 _a158.12 LIND
100 _aLINK (Mark).
245 _aDecision.
260 _aBombay
_bSt. Paul Publications
_c1988
300 _a154
690 _aApplied Psychology
906 _a045982
999 _c95340
_d95340